000
00237nam a22000857a 4500
008
160711b xxu||||| |||| 00| 0 eng d
100
_9
2607
_a
Boer, C.D
245
_a
The if's and Ought's of Ethics
260
_a
Mich
_b
Wms.Eerdnabs.Pub.Com
_c
1936
999
_c
2263
_d
2263